LEADER 01280nas 2200397-a 450 001 9910147176103321 005 20240413013635.0 035 $a(CKB)1000000000303855 035 $a(CONSER)--2005240191 035 $a(EXLCZ)991000000000303855 100 $a20050610a199u9999 --- - 101 0 $aspa 200 00$aBienestar /$fOrganización Sanitas Internacional 210 $aSantafé de Bogotá, Colombia $cOrganización Sanitas Internacional 215 $a1 online resource 300 $a"Vida, salud y belleza." 311 $aPrint version: Bienestar (Bogota?, Colombia) (DLC) 2005240191 (OCoLC)60615576 0122-011X 606 $aHealth$vPeriodicals 606 $aHygiene$vPeriodicals 606 $aBeauty, Personal$vPeriodicals 606 $aBeauty, Personal$2fast$3(OCoLC)fst00829396 606 $aHealth$2fast$3(OCoLC)fst00952743 606 $aHygiene$2fast$3(OCoLC)fst00965349 608 $aPeriodicals.$2fast 615 0$aHealth 615 0$aHygiene 615 0$aBeauty, Personal 615 7$aBeauty, Personal. 615 7$aHealth. 615 7$aHygiene. 712 02$aOrganizacio?n Sanitas Internacional. 906 $aJOURNAL 912 $a9910147176103321 920 $aexl_impl conversion 996 $aBienestar$92582222 997 $aUNINA